| 000 | 00402nam a2200181Ia 4500 | ||
|---|---|---|---|
| 005 | 20250423094855.0 | ||
| 008 | 250422s9999 xx 000 0 und d | ||
| 020 | _a9350289490 | ||
| 050 | _aKM 31 .R3/ | ||
| 100 | _a Rao, Mamta | ||
| 245 | 0 | _aConstitutional Law. | |
| 260 | _aindia | ||
| 260 | _bEASTERM PUB | ||
| 260 | _c2013 | ||
| 300 | _a816 p | ||
| 650 | _aConstitutional Law | ||
| 942 | _cBK | ||
| 999 |
_c28555 _d28555 |
||